000 01181nam a22002417a 4500
005 20221128091042.0
008 221123s2022 ck a|||f |||| 00| 0 spa d
020 _a9789584967626
040 _cSandra Yazo (modificó)
_dSandra Yazo (modificó)
041 0 _aspa
082 0 4 _220
_aCo863.05
092 _aE63N132
100 1 _aMorante Narváez, Moises Eduardo,
_d1956- 1956
_9176181
245 1 0 _aPetricor de los Montes de María
_cMoisés Morante Narváez
260 _aCartagena de Indias (Colombia)
_bEdiciones Casa-Díaz
_c2022
300 _a113 páginas
_bfotografías en blanco y negro
_c22 x 14 cm.
490 _aColeccionable
_v5
500 _aDetalles físicos: Encuadernación flexible, tapas impresas a color. Portada impresa en una sola tinta. Texto en una columna. Varias fotografías a blanco y negro entre el texto. Ejemplar en buen estado de conservación. Donación al AHUR octubre 2022.
505 _aMonografía de los Montes de María ; La familia montemariana, una visión polisémica ; Vigotsky, el autor montemariano
506 _aConsulta en sala
650 4 _987288
_aCuentos colombianos
_ySiglo XXI
942 _2LOCAL
_cLIBRO
_e1
_hE63N132
999 _c321889
_d321889